All NHL teams - Statistiques

Statistiques générales
  • Ce quiz a été pris 229 fois
  • Le résultat moyen est 22 sur 32
Statistiques - réponses
Hint Réponse % Correct
5. Montréal Canadiens
89%
5. New York Rangers
86%
4. New York Islanders
85%
1. Boston Bruins
81%
4. Florida Panthers
79%
6. Ottawa Senators
79%
4. Los Angeles Kings
76%
3. Edmonton Oilers
75%
8. Toronto Maple Leafs
75%
8. Washington Capitals
74%
1. Anaheim Ducks
69%
7. Tampa Bay Lightning
69%
7. Pittsburgh Penguins
68%
7. Vancouver Canucks
68%
3. New Jersey Devils
67%
2. Calgary Flames
66%
5. San Jose Sharks
66%
6. St. Louis Blues
65%
8. Winnipeg Jets
65%
4. Minnesota Wild
64%
6. Seattle Kraken
64%
1. Carolina Hurricanes
61%
3. Dallas Stars
61%
5. Nashville Predators
61%
6. Philadelphia Flyers
59%
2. Colorado Avalanche
58%
8. Vegas Golden Knights
58%
1. Chicago Blackhawks
56%
2. Colombus Blue Jackets
56%
3. Detroit Red Wings
56%
2. Buffalo Sabres
54%
7. Utah Hockey Club
40%
Aucun quiz correspondant
Distribution des résultats
% des personnes avec chaque résultat
Percentile par nombre de réponses
Votre historique - résultats
Vous n’avez pas pris ce quiz